| 000 | 00567nam a2200169 i 4500 | ||
|---|---|---|---|
| 001 | 128239 | ||
| 003 | ES-MaACL | ||
| 005 | 20230906193215.0 | ||
| 007 | t| | ||
| 008 | 070626s1980 sp ||||1| spa d | ||
| 100 | 1 |
_aZiolkowski, Theodore. _9118298 |
|
| 245 | 1 | 0 |
_aImágenes desencantadas _b: una iconología literaria / _cTheodore Ziolkoswki ; versión... de Aurelio Martínez Benito. |
| 260 |
_a[Madrid] : _bTaurus, _c[1980] ( _fTordesillas) |
||
| 300 |
_a229 p. ; _c21 cm. |
||
| 700 | 1 |
_aMartínez Benito, Aurelio. _977891 |
|
| 852 |
_aES-MaACL _jA-10782 _bR.99954 |
||
| 999 |
_c128239 _d128239 |
||